[Event "16th Unive op"]
[Site "Hoogeveen NED"]
[Date "2012.10.21"]
[Round "3.38"]
[White "Kolodkin, Daniil"]
[Black "Lesman, Francis"]
[Result "0-1"]
[WhiteElo "1943"]
[BlackElo "2100"]
[EventDate "2012.10.19"]
[PlyCount "106"]

1.e4 c6 2.d4 d5 3.e5 c5 4.Nf3 Nc6 5.dxc5 Bg4 6.Bb5 e6 7.Be3 Qa5+ 8.Nc3 Ne7
9.Qd4 Bxf3 10.gxf3 O-O-O 11.Qa4 Qxa4 12.Nxa4 Nxe5 13.Ke2 N7c6 14.c3 Be7 
15.Bd4 Nxd4+ 16.cxd4 Ng6 17.Rhg1 Bf6 18.Rad1 Ne7 19.Rd3 Kb8 20.Nc3 h5 21.
f4 Nf5 22.Rgd1 Rh6 23.Kf1 Rg8 24.Ne2 g5 25.Ng3 Ne7 26.fxg5 Rxg5 27.f4 Rg4 
28.Ne2 Nf5 29.h3 Rg8 30.Ke1 Rg2 31.Be8 Bh4+ 32.Kd2 Ng3 33.Re3 Rf6 34.Kd3 
Nxe2 35.Rxe2 Rg3+ 36.Re3 Rxf4 37.Rxg3 Bxg3 38.Ke3 h4 39.b4 f5 40.Bg6 Kc7 
41.a4 Rf2 42.b5 Ra2 43.Bf7 Kd7 44.Rc1 Ke7 45.Bg8 Ra3+ 46.Ke2 Rxa4 47.c6 
bxc6 48.bxc6 Bc7 49.Kd3 Ra3+ 50.Kc2 Ra6 51.Kb3 Rb6+ 52.Ka4 Rb8 53.Rg1 Bg3 
0-1

[Event "16th Unive op"]
[Site "Hoogeveen NED"]
[Date "2012.10.21"]
[Round "3.39"]
[White "Gieben, Stijn"]
[Black "Djuric, Olgica"]
[Result "1-0"]
[WhiteElo "2068"]
[BlackElo "1880"]
[EventDate "2012.10.19"]
[PlyCount "33"]

1.e4 c5 2.Nf3 Nc6 3.d4 cxd4 4.Nxd4 e5 5.Nxc6 bxc6 6.Bd3 d5 7.exd5 cxd5 8.
Bb5+ Ke7 9.Bc6 Rb8 10.Qxd5 Qxd5 11.Bxd5 Nf6 12.Bb3 Ba6 13.Nc3 h6 14.Be3 
Rb7 15.O-O-O Rc7 16.Rhe1 Bb7 17.Bb6 1-0

[Event "16th Unive op"]
[Site "Hoogeveen NED"]
[Date "2012.10.22"]
[Round "4.1"]
[White "l`Ami, Erwin"]
[Black "Valdes Romero, Leonardo"]
[Result "1/2-1/2"]
[WhiteElo "2631"]
[BlackElo "2414"]
[EventDate "2012.10.19"]
[PlyCount "113"]

1.d4 Nf6 2.c4 g6 3.Nc3 Bg7 4.e4 d6 5.f3 O-O 6.Bg5 Nc6 7.Nge2 a6 8.Qd2 Rb8 
9.Rb1 b5 10.cxb5 axb5 11.b4 Bd7 12.d5 Na7 13.Nd4 Rb7 14.Be2 Qb8 15.Bh6 c5 
16.Bxg7 Kxg7 17.Nc2 Rc8 18.O-O Rbc7 19.Rfc1 cxb4 20.Nxb4 Qb6+ 21.Kh1 h5 
22.Nd1 Qa5 23.Rxc7 Rxc7 24.Rb3 Nc8 25.a3 Nb6 26.Rc3 Na4 27.Rxc7 Qxc7 28.h4
Qc5 29.Qe3 Qc7 30.Kg1 Be8 31.Kf2 Qb7 32.Nc3 Kg8 33.Nxa4 bxa4 34.Ba6 Qc7 
35.Ke2 Kf8 36.Kd2 Kg8 37.Be2 Qa5 38.Qc3 Qb6 39.Qe3 Qa5 40.Ke1 Bd7 41.Kf2 
Qc7 42.Kf1 Qc8 43.Ke1 Qb7 44.Qc3 Qb6 45.Kf1 Bb5 46.Bxb5 Qxb5+ 47.Kf2 Qb6+ 
48.Qe3 Qb7 49.Nc6 Qb2+ 50.Kg3 Kg7 51.Nd4 Nd7 52.Nc6 Nf6 53.Kh2 Qa1 54.Kh3 
Qh1+ 55.Kg3 Qa1 56.Kh2 Qb2 57.Kg3 1/2-1/2

[Event "16th Unive op"]
[Site "Hoogeveen NED"]
[Date "2012.10.22"]
[Round "4.2"]
[White "Riemersma, Liafbern"]
[Black "Grandelius, Nils"]
[Result "1/2-1/2"]
[WhiteElo "2420"]
[BlackElo "2593"]
[EventDate "2012.10.19"]
[PlyCount "63"]

1.d4 d5 2.c4 c6 3.Nf3 Nf6 4.Nc3 dxc4 5.a4 Bf5 6.Ne5 Nbd7 7.Nxc4 Qc7 8.g3 
e5 9.dxe5 Nxe5 10.Bf4 Nfd7 11.Bg2 g5 12.Ne3 gxf4 13.Nxf5 O-O-O 14.Qc2 fxg3
15.hxg3 Nf6 16.O-O Kb8 17.Ne4 Nxe4 18.Qxe4 a5 19.Rfd1 Bb4 20.Rac1 Rhe8 21.
Qc2 Rxd1+ 22.Rxd1 Rd8 23.Rd4 Rxd4 24.Nxd4 Qd6 25.e3 h6 26.Be4 Qc5 27.Kg2 
Qxc2 28.Bxc2 Kc7 29.Nf5 Bf8 30.f4 Nc4 31.b3 Nd6 32.Kf3 1/2-1/2

[Event "16th Unive op"]
[Site "Hoogeveen NED"]
[Date "2012.10.22"]
[Round "4.3"]
[White "Ernst, Sipke"]
[Black "De Jong, Migchiel"]
[Result "1-0"]
[WhiteElo "2554"]
[BlackElo "2369"]
[EventDate "2012.10.19"]
[PlyCount "75"]

1.d4 e6 2.c4 Bb4+ 3.Nc3 c5 4.a3 Bxc3+ 5.bxc3 Nf6 6.e3 O-O 7.Bd3 d5 8.cxd5 
exd5 9.Ne2 b6 10.O-O Ba6 11.Ng3 Bxd3 12.Qxd3 Nc6 13.Ra2 Re8 14.f3 Qd7 15.
Re2 Rad8 16.Nf5 Ne7 17.Ng3 Nc8 18.e4 dxe4 19.fxe4 cxd4 20.Rxf6 gxf6 21.Nh5
Qd6 22.Bf4 Qc6 23.Qg3+ Kf8 24.Qg7+ Ke7 25.e5 Ke6 26.exf6+ Kd5 27.c4+ Qxc4 
28.Qxf7+ Kc5 29.Qc7+ Kd5 30.Qf7+ Kc5 31.Qc7+ Kd5 32.Re5+ Rxe5 33.Qxe5+ Kc6
34.Qc7+ Kb5 35.Qxd8 d3 36.Qd7+ Ka6 37.f7 Qc5+ 38.Kf1 1-0

[Event "16th Unive op"]
[Site "Hoogeveen NED"]
[Date "2012.10.22"]
[Round "4.4"]
[White "Brynell, Stellan"]
[Black "Schoorl, Rob"]
[Result "1/2-1/2"]
[WhiteElo "2500"]
[BlackElo "2363"]
[EventDate "2012.10.19"]
[PlyCount "56"]

1.d4 d5 2.c4 c6 3.Nf3 Nf6 4.Nc3 dxc4 5.a4 Bf5 6.Ne5 Nbd7 7.Nxc4 Nb6 8.Ne5 
a5 9.e3 h6 10.f3 e6 11.e4 Bh7 12.Be3 Nfd7 13.Nd3 Be7 14.Be2 O-O 15.O-O Nc4
16.Bf2 Bg5 17.f4 Bh4 18.g3 Be7 19.Bf3 Bb4 20.Qe2 Qe7 21.Nxb4 Qxb4 22.Na2 
Qxa4 23.b3 Qxb3 24.Rfb1 Qa3 25.Nc1 Qc3 26.Na2 Qa3 27.Nc1 Qc3 28.Na2 Qa3 
1/2-1/2

[Event "16th Unive op"]
[Site "Hoogeveen NED"]
[Date "2012.10.22"]
[Round "4.8"]
[White "Vedder, Richard"]
[Black "Nijboer, Friso"]
[Result "0-1"]
[WhiteElo "2267"]
[BlackElo "2525"]
[EventDate "2012.10.19"]
[PlyCount "168"]

1.e4 c5 2.Nf3 Nc6 3.d4 cxd4 4.Nxd4 Nf6 5.Nc3 d6 6.Bc4 Qb6 7.Nxc6 bxc6 8.
O-O g6 9.e5 dxe5 10.Qe2 Qd4 11.Be3 Qd6 12.Rad1 Qc7 13.f4 Bg4 14.Qf2 e4 15.
Rde1 Bf5 16.Bd4 Bg7 17.h3 h5 18.b4 h4 19.Bxf6 Bxf6 20.Nxe4 Bxe4 21.Rxe4 
Qb6 22.b5 cxb5 23.Qxb6 axb6 24.Bxb5+ Kf8 25.a4 Rd8 26.Rb1 Kg7 27.Bd3 Rd6 
28.Kf1 Rc8 29.Ke2 e6 30.Rb5 Bd4 31.Rb4 Rcd8 32.Kf3 f5 33.Re2 Kf6 34.Bc4 
Bc5 35.Rb1 Re8 36.Rb5 Rd4 37.Bb3 Rd1 38.g4 hxg3 39.a5 Rd6 40.axb6 Bxb6 41.
h4 Rc6 42.Kxg3 Bc7 43.Re3 Rd8 44.Rb4 Rd1 45.Kg2 Rd2+ 46.Kg3 Rd1 47.Kg2 
Rcd6 48.Re2 Ba5 49.Rb5 R1d2 50.Re5 Rxe2+ 51.Rxe2 Bc7 52.Kf3 Rc6 53.Re3 e5 
54.fxe5+ Bxe5 55.Rd3 Bd6 56.Kg2 Kg7 57.Kh3 Be7 58.c4 Rb6 59.Rg3 Kf6 60.Rf3
Bd6 61.Rd3 Bc5 62.Kg3 Rb8 63.Bd1 Rb2 64.Bf3 Rc2 65.Bd5 Bd6+ 66.Kf3 Rh2 67.
Bb7 Be5 68.c5 Rxh4 69.Bd5 g5 70.c6 Rh2 71.Rb3 g4+ 72.Ke3 f4+ 73.Ke4 Rd2 
74.Rb4 Re2+ 75.Kd3 Re3+ 76.Kc2 Rc3+ 77.Kd2 Rc5 78.Bc4 Rxc6 79.Ke2 Kg5 80.
Bd3 Kh4 81.Rc4 Rd6 82.Be4 Kg3 83.Rc1 f3+ 84.Kf1 Rh6 0-1

[Event "16th Unive op"]
[Site "Hoogeveen NED"]
[Date "2012.10.22"]
[Round "4.10"]
[White "Donker, Roel"]
[Black "Van Delft, Merijn"]
[Result "1-0"]
[WhiteElo "2228"]
[BlackElo "2395"]
[EventDate "2012.10.19"]
[PlyCount "99"]

1.d4 d5 2.c4 c6 3.Nf3 Nf6 4.e3 Bg4 5.Nc3 e6 6.h3 Bh5 7.g4 Bg6 8.Ne5 Nbd7 
9.h4 dxc4 10.Nxg6 hxg6 11.Bxc4 Bb4 12.Qf3 Nd5 13.e4 N5b6 14.Bb3 Rxh4 15.g5
Rxh1+ 16.Qxh1 Qe7 17.a3 Bd6 18.f4 O-O-O 19.Be3 Kb8 20.O-O-O a6 21.Kb1 Bc7 
22.Qh7 Qf8 23.Rf1 Nc8 24.f5 gxf5 25.exf5 exf5 26.Rxf5 f6 27.g6 Ne7 28.Rf1 
f5 29.Bg5 Nf6 30.Qh3 Nxg6 31.Qxf5 Ne7 32.Qf2 Bb6 33.Bf4+ Ka8 34.Be5 Qe8 
35.Na4 Ba7 36.Nc5 Ng4 37.Ne6 Bb6 38.Qg3 Qg6+ 39.Ka2 Nxe5 40.Qxe5 Rc8 41.
Qd6 Qg2 42.Rc1 Nf5 43.Qd7 Rb8 44.d5 cxd5 45.Bxd5 Qg3 46.Nc7+ Ka7 47.Nxa6 
Kxa6 48.Bc4+ Ka7 49.Qa4+ Ba5 50.Qxa5# 1-0

[Event "16th Unive op"]
[Site "Hoogeveen NED"]
[Date "2012.10.22"]
[Round "4.11"]
[White "Van Foreest, Jorden"]
[Black "Vedder, Henk"]
[Result "1-0"]
[WhiteElo "2225"]
[BlackElo "2378"]
[EventDate "2012.10.19"]
[PlyCount "129"]

1.d4 d5 2.c4 e6 3.Nf3 Nf6 4.g3 c6 5.Bg2 Be7 6.O-O O-O 7.Qc2 b6 8.Nbd2 Ba6 
9.b3 Nbd7 10.e4 dxe4 11.Nxe4 Rc8 12.Bb2 b5 13.Nxf6+ gxf6 14.c5 Re8 15.Rfe1
Nf8 16.Bc3 Qd7 17.Qb2 Ng6 18.h4 Bf8 19.Re4 f5 20.Ree1 Bg7 21.h5 Ne7 22.Ne5
Qc7 23.Qd2 Nd5 24.Bxd5 cxd5 25.h6 Bf6 26.Qc1 Qe7 27.Qa3 Bxe5 28.Rxe5 Rc6 
29.Rae1 Qg5 30.Rxd5 Qxh6 31.Rxf5 Bb7 32.d5 Rd8 33.Rf4 Rxd5 34.Rg4+ Rg5 35.
Bd2 Rxc5 36.f3 Bxf3 37.Rxg5+ Rxg5 38.Bxg5 Qxg5 39.Qd6 h6 40.Qf4 Qh5 41.b4 
Bd5 42.Rf1 e5 43.Qh4 Qxh4 44.gxh4 Kg7 45.a3 Kg6 46.Rd1 Bc4 47.Rd6+ Kh5 48.
Ra6 Kxh4 49.Rxa7 Kg3 50.a4 bxa4 51.Rxa4 Kf3 52.Ra5 e4 53.Rf5+ Kg3 54.b5 e3
55.b6 Ba6 56.Ra5 Bb7 57.Ra7 e2 58.Ra3+ Bf3 59.Re3 f5 60.Rxe2 Bxe2 61.b7 f4
62.b8=Q h5 63.Qe5 Bf3 64.Qe1+ Kg4 65.Kf2 1-0

[Event "16th Unive op"]
[Site "Hoogeveen NED"]
[Date "2012.10.22"]
[Round "4.13"]
[White "Wiersma, Eelke"]
[Black "Lee, Kai Jie Edward"]
[Result "1-0"]
[WhiteElo "2367"]
[BlackElo "2143"]
[EventDate "2012.10.19"]
[PlyCount "75"]

1.d4 Nf6 2.c4 e6 3.Nc3 Bb4 4.e3 O-O 5.Ne2 d5 6.a3 Bd6 7.Ng3 c5 8.dxc5 Bxc5
9.b4 Be7 10.Bb2 dxc4 11.Bxc4 a5 12.b5 a4 13.Qc2 Qa5 14.O-O Nbd7 15.Nce4 b6
16.Rfd1 Ne8 17.Nh5 Qa7 18.Bxg7 Nxg7 19.Rxd7 Nxh5 20.Rxa7 Rxa7 21.Nc3 Bf6 
22.Rb1 Bxc3 23.Qxc3 Rc7 24.Qd4 Rc5 25.Be2 Ng7 26.Qxa4 Rc7 27.Qd4 Bb7 28.
Qxb6 Rfc8 29.h3 Nf5 30.Rb4 Kf8 31.Rc4 Rxc4 32.Bxc4 Be4 33.Bxe6 fxe6 34.
Qxe6 Re8 35.Qf6+ Kg8 36.f3 Bd3 37.e4 Ng7 38.Qd4 1-0

[Event "16th Unive op"]
[Site "Hoogeveen NED"]
[Date "2012.10.22"]
[Round "4.14"]
[White "Hopman, Pieter"]
[Black "Kasparova, Tatiana"]
[Result "1-0"]
[WhiteElo "2344"]
[BlackElo "2126"]
[EventDate "2012.10.19"]
[PlyCount "37"]

1.Nc3 e5 2.e4 d6 3.Nf3 Nf6 4.d4 Nbd7 5.g4 h6 6.Rg1 c6 7.h4 g6 8.Be3 b5 9.
a3 a6 10.g5 hxg5 11.hxg5 Nh5 12.Qd2 Qc7 13.O-O-O Bb7 14.Bh3 Nb6 15.dxe5 
Nc4 16.exd6 Nxd2 17.dxc7 Ng7 18.Bg4 Nxf3 19.Bd7+ 1-0

[Event "16th Unive op"]
[Site "Hoogeveen NED"]
[Date "2012.10.22"]
[Round "4.15"]
[White "Schoehuys, Erik"]
[Black "Bezemer, Arno J"]
[Result "0-1"]
[WhiteElo "2123"]
[BlackElo "2329"]
[EventDate "2012.10.19"]
[PlyCount "52"]

1.d4 Nf6 2.c4 g6 3.Nc3 d5 4.Bf4 Bg7 5.e3 O-O 6.cxd5 Nxd5 7.Nxd5 Qxd5 8.
Bxc7 Na6 9.Bxa6 Qxg2 10.Qf3 Qxf3 11.Nxf3 bxa6 12.Rc1 f6 13.O-O Bb7 14.Nd2 
e5 15.Nb3 Rf7 16.Rfd1 exd4 17.Rxd4 f5 18.Rb4 Bxb2 19.Rc5 Be4 20.Ra4 Rd7 
21.Nd4 Rc8 22.Bd6 Rxc5 23.Bxc5 Rc7 24.Ne6 Rc6 25.f3 Bd5 26.Bd4 Rc1+ 0-1

[Event "16th Unive op"]
[Site "Hoogeveen NED"]
[Date "2012.10.22"]
[Round "4.16"]
[White "Van Foreest, Lucas"]
[Black "Johansson, Linus"]
[Result "1/2-1/2"]
[WhiteElo "1952"]
[BlackElo "2287"]
[EventDate "2012.10.19"]
[PlyCount "42"]

1.d4 Nf6 2.c4 e6 3.Nf3 b6 4.g3 Ba6 5.b3 Bb4+ 6.Bd2 Be7 7.Bg2 O-O 8.O-O c6 
9.Bc3 d5 10.Nbd2 Nbd7 11.Qc2 Rc8 12.e4 dxe4 13.Nxe4 b5 14.Ne5 bxc4 15.bxc4
Nxe4 16.Qxe4 Nxe5 17.dxe5 Bc5 18.Rad1 Qe7 19.Ba5 h6 20.Rb1 Ba3 21.Qd4 Bc5 
1/2-1/2

[Event "16th Unive op"]
[Site "Hoogeveen NED"]
[Date "2012.10.22"]
[Round "4.18"]
[White "Vogel, Jaap"]
[Black "Van der Poel, Henk"]
[Result "1/2-1/2"]
[WhiteElo "2158"]
[BlackElo "2306"]
[EventDate "2012.10.19"]
[PlyCount "39"]

1.d4 Nf6 2.Nf3 e6 3.g3 b5 4.Bg2 Bb7 5.O-O c5 6.Na3 Qb6 7.c4 b4 8.Nc2 d6 9.
b3 Nbd7 10.Bb2 Be7 11.a3 a5 12.axb4 axb4 13.Rxa8+ Bxa8 14.d5 e5 15.Nh4 g6 
16.f4 exf4 17.gxf4 O-O 18.Ne3 Re8 19.Qd3 Bf8 20.Bh3 1/2-1/2

[Event "16th Unive op"]
[Site "Hoogeveen NED"]
[Date "2012.10.22"]
[Round "4.19"]
[White "Piasetski, Leon David"]
[Black "Van der Lende, Ilias"]
[Result "0-1"]
[WhiteElo "2298"]
[BlackElo "2169"]
[EventDate "2012.10.19"]
[PlyCount "78"]

1.Nf3 Nf6 2.c4 e6 3.g3 d5 4.Bg2 dxc4 5.Qa4+ Bd7 6.Qxc4 Bc6 7.Qc2 Nbd7 8.
O-O a5 9.Nc3 Bb4 10.d3 O-O 11.e4 Qe7 12.h3 a4 13.Be3 a3 14.b3 Rfd8 15.Rfd1
e5 16.Rac1 Nc5 17.Nxe5 Qxe5 18.d4 Qe7 19.dxc5 Bxc3 20.Qxc3 Nxe4 21.Qe1 Qf6
22.Rxd8+ Rxd8 23.Qb4 Qe5 24.Kh2 h5 25.Re1 h4 26.Bf4 hxg3+ 27.fxg3 Qb2 28.
Rxe4 Qxa2 29.Qe1 Bxe4 30.Qxe4 Qxb3 31.Bxc7 a2 32.Bxd8 a1=Q 33.Qe8+ Kh7 34.
Qe4+ g6 35.Qh4+ Kg7 36.Qe7 Qac3 37.Bc7 Qe3 38.Qh4 Qc2 39.Bd8 Qef2 0-1

[Event "16th Unive op"]
[Site "Hoogeveen NED"]
[Date "2012.10.22"]
[Round "4.20"]
[White "Haver, Bas"]
[Black "Timmermans, Ivo"]
[Result "0-1"]
[WhiteElo "2044"]
[BlackElo "2254"]
[EventDate "2012.10.19"]
[PlyCount "68"]

1.e4 e5 2.Nf3 Nc6 3.Bb5 Nf6 4.O-O Nxe4 5.d4 Nd6 6.Bxc6 dxc6 7.dxe5 Nf5 8.
Qe2 Nd4 9.Nxd4 Qxd4 10.Rd1 Bg4 11.Rxd4 Bxe2 12.Nc3 Bh5 13.Be3 Bg6 14.Rd2 
Rd8 15.Rxd8+ Kxd8 16.Rc1 Bb4 17.Na4 Re8 18.a3 Bf8 19.Bd4 b6 20.c4 c5 21.
Bc3 Kd7 22.b3 Ke6 23.Nb2 Rd8 24.Kf1 Be7 25.f4 h5 26.Ke2 Bf5 27.g3 g5 28.
Kf2 gxf4 29.gxf4 Rg8 30.Nd1 Bh4+ 31.Ke3 Rg2 32.Bd2 Rxh2 33.Nc3 Rh3+ 34.Ke2
Bd3+ 0-1

[Event "16th Unive op"]
[Site "Hoogeveen NED"]
[Date "2012.10.22"]
[Round "4.21"]
[White "Heemskerk, Wim"]
[Black "Vos, Tjark"]
[Result "1/2-1/2"]
[WhiteElo "2254"]
[BlackElo "2003"]
[EventDate "2012.10.19"]
[PlyCount "112"]

1.c4 Nf6 2.g3 c5 3.Bg2 g6 4.Nf3 Bg7 5.Nc3 Nc6 6.d4 cxd4 7.Nxd4 Nxd4 8.Qxd4
O-O 9.O-O d6 10.Qd3 Rb8 11.Bd2 Nd7 12.b3 a6 13.Rac1 Nc5 14.Qe3 b5 15.cxb5 
axb5 16.Nd5 e6 17.Nb4 Bb7 18.h4 Bxg2 19.Kxg2 Qb6 20.Bc3 Qb7+ 21.f3 Rfd8 
22.Bxg7 Kxg7 23.h5 f6 24.hxg6 hxg6 25.Rh1 Rh8 26.Qd4 Qb6 27.Rxh8 Rxh8 28.
Nd3 Rc8 29.Nf4 Kf7 30.Rh1 Rg8 31.Rh7+ Rg7 32.Rxg7+ Kxg7 33.b4 Nd7 34.Nxe6+
Kf7 35.Qxb6 Nxb6 36.Nd4 Nd5 37.Nxb5 Nxb4 38.Nxd6+ Ke6 39.a3 Nc2 40.Nb5 Kd5
41.a4 Kc5 42.Nc3 Kc4 43.a5 Kxc3 44.a6 Ne3+ 45.Kf2 Nd5 46.a7 Nb6 47.Ke3 Kc4
48.Ke4 Kc5 49.g4 Kd6 50.f4 Na8 51.Kd4 Nc7 52.Kc4 Kc6 53.e4 Kb7 54.Kc5 Ne6+
55.Kd6 Nxf4 56.Ke7 f5 1/2-1/2

[Event "16th Unive op"]
[Site "Hoogeveen NED"]
[Date "2012.10.22"]
[Round "4.22"]
[White "Kerigan, Demre"]
[Black "Majhi, Ankit"]
[Result "1-0"]
[WhiteElo "2238"]
[BlackElo "1923"]
[EventDate "2012.10.19"]
[PlyCount "50"]

1.e4 e5 2.Nf3 Nc6 3.Bb5 a6 4.Bxc6 dxc6 5.O-O Bg4 6.h3 h5 7.d3 Qf6 8.Be3 
Bxf3 9.Qxf3 Qxf3 10.gxf3 Bd6 11.Nd2 Ne7 12.Rfb1 c5 13.c3 O-O 14.Nc4 Ng6 
15.Kf1 Rfd8 16.Ke2 Nf8 17.b4 cxb4 18.Nxd6 Rxd6 19.Rxb4 b6 20.f4 Rad8 21.
Rd1 Rc6 22.Rb3 exf4 23.Bxf4 Ne6 24.Be3 Rcd6 25.Ra3 a5 1-0

[Event "16th Unive op"]
[Site "Hoogeveen NED"]
[Date "2012.10.22"]
[Round "4.23"]
[White "Bosboom, Manuel"]
[Black "Padurariu, Ioana-Smaranda"]
[Result "1-0"]
[WhiteElo "2402"]
[BlackElo "2236"]
[EventDate "2012.10.19"]
[PlyCount "49"]

1.c4 Nf6 2.Nf3 e6 3.a3 c5 4.e3 b6 5.d4 Bb7 6.Nc3 cxd4 7.exd4 d6 8.Bd3 Be7 
9.O-O O-O 10.Re1 Re8 11.Bf4 Nbd7 12.b4 Nf8 13.h3 Ng6 14.Bh2 Bf8 15.Re3 Nh5
16.Bf1 f5 17.d5 e5 18.Nxe5 Qg5 19.Nf3 Qf6 20.Qd4 Rxe3 21.Qxe3 f4 22.Qd2 
Re8 23.Re1 Ne5 24.Be2 g5 25.Ne4 1-0

[Event "16th Unive op"]
[Site "Hoogeveen NED"]
[Date "2012.10.22"]
[Round "4.24"]
[White "Afek, Yochanan"]
[Black "Hendriks, Richard V"]
[Result "1-0"]
[WhiteElo "2312"]
[BlackElo "2123"]
[EventDate "2012.10.19"]
[PlyCount "91"]

1.e4 e5 2.Nf3 Nc6 3.Nc3 g6 4.d4 exd4 5.Nxd4 Bg7 6.Be3 Nf6 7.Nxc6 bxc6 8.e5
Ng8 9.f4 d5 10.Be2 f6 11.O-O Ne7 12.exf6 Bxf6 13.Na4 O-O 14.c3 Nf5 15.Bf2 
Re8 16.Qd2 Nd6 17.Nc5 Bf5 18.Rae1 Rb8 19.b3 Nb5 20.Bxb5 Rxe1 21.Rxe1 cxb5 
22.Bd4 c6 23.Ne6 Qe7 24.Bxf6 Qxf6 25.Qd4 Qe7 26.Qe5 Re8 27.Nd4 Be4 28.Qxe7
Rxe7 29.b4 Rf7 30.g3 h5 31.h4 Kg7 32.Ra1 a5 33.a4 axb4 34.cxb4 bxa4 35.
Rxa4 Rb7 36.Nxc6 Kf6 37.Nd4 Rc7 38.Ra6+ Kf7 39.Nc6 Kf6 40.b5 Bd3 41.Ne5+ 
Kf5 42.Nxd3 Rc3 43.Nb4 Rxg3+ 44.Kf2 Rb3 45.Ra4 Kxf4 46.Nc6+ 1-0

[Event "16th Unive op"]
[Site "Hoogeveen NED"]
[Date "2012.10.22"]
[Round "4.26"]
[White "Baskin, Robert"]
[Black "Vroombout, Enrico"]
[Result "1/2-1/2"]
[WhiteElo "2071"]
[BlackElo "2243"]
[EventDate "2012.10.19"]
[PlyCount "45"]

1.e4 c5 2.Nf3 d6 3.d4 cxd4 4.Nxd4 Nf6 5.Nc3 a6 6.Bc4 e6 7.a4 Nc6 8.O-O Be7
9.Be3 O-O 10.Kh1 Nxd4 11.Bxd4 e5 12.Be3 Be6 13.Bb3 Rc8 14.f3 Qa5 15.Qd2 
Kh8 16.Qd3 Rc6 17.Bg5 Rfc8 18.Bxf6 Bxf6 19.Rad1 Bd8 20.Nd5 Bxd5 21.Qxd5 
Qxd5 22.Rxd5 Bb6 23.c3 1/2-1/2

[Event "16th Unive op"]
[Site "Hoogeveen NED"]
[Date "2012.10.22"]
[Round "4.27"]
[White "Henseler, Jorgen"]
[Black "Grant, Jonathan"]
[Result "1-0"]
[WhiteElo "2062"]
[BlackElo "2217"]
[EventDate "2012.10.19"]
[PlyCount "69"]

1.e4 c6 2.d4 d5 3.e5 Bf5 4.Nc3 e6 5.g4 Bg6 6.Nge2 c5 7.Be3 Nc6 8.dxc5 h5 
9.Nf4 Bh7 10.Bb5 hxg4 11.Qe2 Ne7 12.O-O-O Bf5 13.f3 g5 14.Nh5 Rxh5 15.fxg4
Rh3 16.gxf5 Nxf5 17.Bf2 d4 18.Ne4 Be7 19.Nd6+ Bxd6 20.cxd6 Qb6 21.Qc4 Ne3 
22.Bxe3 Rxe3 23.Rhe1 Rxe1 24.Rxe1 a6 25.Bxc6+ bxc6 26.Rd1 c5 27.Rg1 Rb8 
28.Qa4+ Kf8 29.b3 Qb7 30.Qa5 Qe4 31.Re1 Qf4+ 32.Kb1 Rb5 33.Qd8+ Kg7 34.d7 
Rb7 35.Qf6+ 1-0

[Event "16th Unive op"]
[Site "Hoogeveen NED"]
[Date "2012.10.22"]
[Round "4.28"]
[White "Mellema, Andries"]
[Black "Van Osch, Mees"]
[Result "0-1"]
[WhiteElo "2181"]
[BlackElo "2083"]
[EventDate "2012.10.19"]
[PlyCount "142"]

1.d4 Nf6 2.Nc3 d5 3.Bg5 c5 4.Bxf6 gxf6 5.e4 dxe4 6.dxc5 Qa5 7.Qd2 f5 8.
O-O-O Be6 9.Nxe4 Qxd2+ 10.Nxd2 Nd7 11.Bb5 O-O-O 12.Bxd7+ Rxd7 13.Ne2 Bd5 
14.Rhg1 e6 15.g3 Bxc5 16.Rgf1 Bg2 17.Rg1 Bh3 18.Nf4 Bg4 19.Rdf1 Rhd8 20.
Nd3 Bd4 21.Re1 Bxf2 22.Nxf2 Rxd2 23.Nxg4 fxg4 24.Rgf1 Rxh2 25.Rxf7 Rdd2 
26.Rf8+ Kc7 27.Rf7+ Kc8 28.Rf8+ Kc7 29.Rf7+ Rd7 30.Rf4 h5 31.b3 Rdd2 32.
Rf7+ Kd6 33.Rd1 Rxd1+ 34.Kxd1 Rh3 35.Rh7 b5 36.Ke2 b4 37.Kf2 Rh2+ 38.Ke3 
Rxc2 39.Rxa7 Rg2 40.Ra6+ Ke7 41.Kf4 Kf6 42.Rb6 Re2 43.Ra6 Rf2+ 44.Ke4 Rg2 
45.Kf4 Re2 46.Rb6 Rf2+ 47.Ke4 Rxa2 48.Rxb4 Rg2 49.Rb5 Rxg3 50.Rxh5 Rxb3 
51.Kf4 Rb4+ 52.Kg3 Re4 53.Ra5 e5 54.Ra8 Ke6 55.Rd8 Rd4 56.Re8+ Kd5 57.Rd8+
Ke4 58.Re8 Rd1 59.Rg8 Ke3 60.Kg2 Rd4 61.Re8 e4 62.Rg8 Kd3 63.Kf1 e3 64.Ke1
Ra4 65.Rd8+ Ke4 66.Rg8 Kf3 67.Rf8+ Rf4 68.Rh8 g3 69.Rg8 g2 70.Rg7 Rg4 71.
Rf7+ Kg3 0-1

[Event "16th Unive op"]
[Site "Hoogeveen NED"]
[Date "2012.10.22"]
[Round "4.29"]
[White "Kollen, Zyon"]
[Black "Gieben, Stijn"]
[Result "1-0"]
[WhiteElo "2174"]
[BlackElo "2068"]
[EventDate "2012.10.19"]
[PlyCount "73"]

1.e4 c5 2.Nf3 d6 3.d4 cxd4 4.Nxd4 Nf6 5.Nc3 a6 6.Be3 e5 7.Nb3 Be6 8.f3 Be7
9.Qd2 O-O 10.O-O-O Nbd7 11.g4 Nb6 12.h4 Nc4 13.Bxc4 Bxc4 14.g5 Nh5 15.Nd5 
Bxd5 16.Qxd5 b5 17.Kb1 Kh8 18.Nc1 f5 19.Nd3 Rc8 20.Qe6 fxe4 21.fxe4 Qc7 
22.Rh2 Ng3 23.Bc1 Nxe4 24.Nb4 Qc4 25.Nd5 Rce8 26.Qd7 Nc5 27.Qc7 Qg4 28.
Rhh1 Qd7 29.Qxd7 Nxd7 30.Nxe7 Rxe7 31.Rxd6 e4 32.Re1 e3 33.Rxe3 Rxe3 34.
Bxe3 Ne5 35.b3 Nf3 36.h5 a5 37.Rd7 1-0

[Event "16th Unive op"]
[Site "Hoogeveen NED"]
[Date "2012.10.22"]
[Round "4.31"]
[White "Van 't Hof, Eric"]
[Black "Klapwijk, Bram"]
[Result "1/2-1/2"]
[WhiteElo "2137"]
[BlackElo "2039"]
[EventDate "2012.10.19"]
[PlyCount "124"]

1.Nf3 Nf6 2.c4 g6 3.Nc3 d5 4.cxd5 Nxd5 5.Qa4+ Bd7 6.Qh4 Nxc3 7.dxc3 Nc6 8.
Qg3 Bf5 9.Bg5 Qd6 10.Rd1 Qxg3 11.hxg3 Bg7 12.Bh6 O-O 13.e3 Bxh6 14.Rxh6 
Rfd8 15.Bb5 Rxd1+ 16.Kxd1 Rd8+ 17.Kc1 Rd6 18.Rh4 h5 19.Rf4 e5 20.Ra4 e4 
21.Bxc6 Rxc6 22.Nd2 a6 23.Nxe4 Bxe4 24.Rxe4 Kf8 25.g4 Rf6 26.f3 h4 27.g5 
Rf5 28.Rxh4 Rxg5 29.g4 Re5 30.e4 Ke7 31.Rh8 Kf6 32.Kd2 Rb5 33.b3 Ke5 34.
Ke3 Ra5 35.a4 b5 36.Re8+ Kd6 37.axb5 axb5 38.Rd8+ Ke6 39.Rd5 c6 40.Rc5 Kd6
41.b4 Ra1 42.e5+ Ke6 43.f4 Rf1 44.c4 Re1+ 45.Kd3 bxc4+ 46.Rxc4 Rg1 47.Rd4 
Ke7 48.f5 gxf5 49.gxf5 Rd1+ 50.Ke4 Re1+ 51.Kf4 Rf1+ 52.Kg5 Rg1+ 53.Rg4 Rf1
54.f6+ Ke6 55.Kh6 Kxe5 56.Kg7 Re1 57.Rc4 Rg1+ 58.Kf8 Kxf6 59.Rxc6+ Ke5 60.
Kxf7 Rb1 61.Rc4 Kd5 62.Rf4 Kc6 1/2-1/2

[Event "16th Unive op"]
[Site "Hoogeveen NED"]
[Date "2012.10.22"]
[Round "4.32"]
[White "Sadallah, Osama"]
[Black "Van der Lende, Nathalie"]
[Result "1-0"]
[WhiteElo "2126"]
[BlackElo "1968"]
[EventDate "2012.10.19"]
[PlyCount "73"]

1.d4 Nf6 2.c4 c5 3.d5 b5 4.cxb5 a6 5.b6 d6 6.Nc3 g6 7.e4 Bg7 8.Be2 Nbd7 9.
b7 Bxb7 10.Nf3 O-O 11.O-O Qc7 12.Bf4 Nb6 13.a4 Rfb8 14.a5 Nbd7 15.Nd2 Bc8 
16.Nc4 Rb4 17.Qc2 Rab8 18.Na4 Ne8 19.Bd2 R4b7 20.Nab6 Ra7 21.f4 Qd8 22.Bc3
Ndf6 23.h3 Nc7 24.Rad1 Nb5 25.e5 Ne8 26.Bg4 Bxg4 27.hxg4 dxe5 28.Bxe5 Ned6
29.Bxg7 Kxg7 30.Ne5 Nd4 31.Qxc5 Ne2+ 32.Kh2 Ng3 33.Rf3 Nge4 34.Qd4 Nf6 35.
Nc6 Qc7 36.Nxb8 Qxb8 37.g5 1-0

[Event "16th Unive op"]
[Site "Hoogeveen NED"]
[Date "2012.10.22"]
[Round "4.33"]
[White "Potze, Rudolf"]
[Black "Kazarian, Anna-Maja"]
[Result "1/2-1/2"]
[WhiteElo "2124"]
[BlackElo "1864"]
[EventDate "2012.10.19"]
[PlyCount "82"]

1.e4 e6 2.d4 d5 3.e5 c5 4.c3 Nc6 5.Nf3 Qb6 6.a3 Nh6 7.b4 cxd4 8.Bxh6 gxh6 
9.cxd4 Bd7 10.Be2 Rc8 11.O-O a6 12.Qd2 Bg7 13.Rd1 Na7 14.Nc3 Ke7 15.Nh4 
Bc6 16.a4 Rhd8 17.b5 Be8 18.a5 Qc7 19.Rdc1 Qb8 20.bxa6 bxa6 21.Bxa6 Rc6 
22.Rab1 Rxa6 23.Rxb8 Rxb8 24.Ne2 Nc6 25.f4 f5 26.g4 Bg6 27.gxf5 exf5 28.
Qd3 Nb4 29.Qa3 Bf8 30.Ng3 Ke6 31.Nxg6 hxg6 32.Qa4 Ra7 33.Rc6+ Kf7 34.Rf6+ 
Kg7 35.a6 Be7 36.Re6 Kf7 37.Rc6 Rba8 38.Qb5 Nxc6 39.Qxc6 Rxa6 40.Qxd5+ Kg7
41.Qd7 R8a7 1/2-1/2

[Event "16th Unive op"]
[Site "Hoogeveen NED"]
[Date "2012.10.22"]
[Round "4.34"]
[White "Ben Artzi, Ido"]
[Black "Slingerland, Caroline"]
[Result "1-0"]
[WhiteElo "2286"]
[BlackElo "2103"]
[EventDate "2012.10.19"]
[PlyCount "64"]

1.d4 d5 2.c4 Bf5 3.cxd5 Bxb1 4.Qa4+ c6 5.dxc6 Nxc6 6.Rxb1 Qxd4 7.Qxd4 Nxd4
8.e3 Nc6 9.b4 e6 10.a3 Nf6 11.Nf3 Bd6 12.Bb2 Ke7 13.g3 Rhd8 14.Bg2 a6 15.
Ke2 Rd7 16.Rhd1 Rad8 17.Rbc1 Bb8 18.Rxd7+ Rxd7 19.Nd4 Nd8 20.Rc8 Bd6 21.
Nb3 g6 22.Nc5 Bxc5 23.Rxc5 Nd5 24.h4 f6 25.g4 h6 26.f4 Nf7 27.f5 gxf5 28.
gxf5 Ne5 29.Bxe5 b6 30.fxe6 bxc5 31.exd7 Nxb4 32.Bxf6+ Kxd7 1-0

[Event "16th Unive op"]
[Site "Hoogeveen NED"]
[Date "2012.10.22"]
[Round "4.35"]
[White "Ritsema, Ronald JE"]
[Black "Go, Benjamin"]
[Result "0-1"]
[WhiteElo "2058"]
[BlackElo "2175"]
[EventDate "2012.10.19"]
[PlyCount "70"]

1.d4 d5 2.c4 c6 3.cxd5 cxd5 4.Nc3 Nf6 5.Nf3 Nc6 6.e3 a6 7.Qb3 e6 8.Bd2 Be7
9.Rc1 Na5 10.Qc2 b5 11.Ne5 Nd7 12.Bd3 Nxe5 13.dxe5 Bb7 14.O-O Rc8 15.Qb1 
Nc4 16.Bxc4 dxc4 17.Rfd1 Qc7 18.Ne2 Qxe5 19.Ng3 b4 20.a3 a5 21.axb4 axb4 
22.Qa2 Qb5 23.Be1 O-O 24.Rd4 Bf6 25.Rdd1 h5 26.Qb1 h4 27.Ne2 c3 28.Nd4 Qg5
29.f3 Bxd4 30.Rxd4 Bxf3 31.g3 hxg3 32.hxg3 cxb2 33.Rxc8 Rxc8 34.Kf2 b3 35.
Kxf3 Qf5+ 0-1